000 00405nam a2200145Ia 4500
008 240729s9999 xx 000 0 und d
022 _a2682-440X
245 0 _aEgyptian Journal of Medical Research
260 _aEgypt
260 _bBeni-Suef University, Faculty of Medicine
650 _aMedicine
856 _uhttps://doaj.org/toc/d762a801092142df8f74008f2e54334d
942 _2ddc
942 _cDOAJEJ
999 _c68515
_d68515
945 _a1
_bMadushi Gamage
_c1
_dMadushi Gamage